Familiar studies of men and books. Fine-paper ed. (Record no. 21645)
[ view plain ]
| 000 -LEADER | |
|---|---|
| fixed length control field | 00645nam a22002293 4500 |
| 001 - CONTROL NUMBER | |
| control field | 21645 |
| 003 - CONTROL NUMBER IDENTIFIER | |
| rucl marc code | BD-RJUL |
| 005 - DATE AND TIME OF LATEST TRANSACTION | |
| control field | 20211209000719.0 |
| 008 - FIXED-LENGTH DATA ELEMENTS--GENERAL INFORMATION | |
| fixed length control field | 140305s1917 enk 000 0 |
| 035 ## - SYSTEM CONTROL NUMBER | |
| System control number | (BD-RJUL)21710 |
| 040 ## - CATALOGING SOURCE | |
| Original cataloging agency | BD-RjUL |
| Language of cataloging | eng |
| Transcribing agency | BD-RjUL |
| 041 ## - LANGUAGE CODE | |
| Language code of text/sound track or separate title | eng |
| 082 ## - DEWEY DECIMAL CLASSIFICATION NUMBER | |
| Classification number | 824 |
| Author mark and year | STF 1917 |
| 100 1# - MAIN ENTRY--PERSONAL NAME | |
| Personal name | Stevenson, Robert Louis. |
| 9 (RLIN) | 56475 |
| 245 10 - TITLE STATEMENT | |
| Title | Familiar studies of men and books. Fine-paper ed. |
| Statement of responsibility, etc. | Robert Louis Stevenson |
| 260 ## - PUBLICATION, DISTRIBUTION, ETC. (IMPRINT) | |
| Place of publication, distribution, etc. | London : |
| Date of publication, distribution, etc. | 1917. |
| Name of publisher, distributor, etc. | Chatto & windus, |
| 300 ## - PHYSICAL DESCRIPTION | |
| Size | 14 cm. |
| Pagination | 274 p. ; |
| 690 00 - LOCAL SUBJECT ADDED ENTRY--TOPICAL TERM (OCLC, RLIN) | |
| Topical term or geographic name as entry element | Literature |
| 752 ## - ADDED ENTRY--HIERARCHICAL PLACE NAME | |
| Country or larger entity | England |
| City | London |
| 942 ## - ADDED ENTRY ELEMENTS (KOHA) | |
| Source of classification or shelving scheme | Dewey Decimal Classification |
| Koha item type | Books |
| Lost status | Source of classification or shelving scheme | Damaged status | Not for loan | Collection code | Permanent Location | Current Location | Shelving location | Date acquired | Source of acquisition | Cost, normal purchase price | Total Checkouts | Full call number | Date last seen | Copy number | Koha item type |
|---|---|---|---|---|---|---|---|---|---|---|---|---|---|---|---|
| Dewey Decimal Classification | Added to bundle | Fiction | Central Library, University of Rajshahi | Central Library, University of Rajshahi | Reading Room | 13/02/1957 | pathia rayeslate | 0.00 | 824 STF 1917 | 05/03/2014 | C-1 | Books |